000 00613nam a22001937a 4500
005 20140808115937.0
010 _aENG-110270
020 _a9789350979969
_c170.00
035 _aEN-93802
037 _bDBAD/PUB
082 _a658.0072
100 _aKrishnaswami, O.R.
245 _aBusiness research methods /
_cby O.R.Krishnaswami [and] B.G. Satyaprasad
260 _aMumbai
_bHimalaya Publishing House
_c2013(repr.)
270 _aRamdoot, Dr. Bhalerao Marg, Girgaon
_bMumbai
_e400004
300 _a220p.:
_c24cm(pbk)
_bill.
700 _aSatyaprasad, B.G.
942 _2ddc
_cEN
_mKRI
_h658.0072
999 _c85265
_d85265